00953nam a2200241 a 4500001001000000003000500010005001700015008004100032010001100073011001100084020001500095035001100110040000900121111009400130245021200224260002800436300003600464650002900500700005100529700004400580700003900624710004800663000103600CHAP20220329143652.0101203s2006 mx 00010 spa d a100063 a101035 a9680203107 a111721 cCHAP2 aForo Internacional el Ambiente Sociourbano Regional, Retos y Perspectivas (n1d: 2006c)10aPrimer foro internacional el ambiente sociourbano regional retos y perspectivas [Disco compacto] /c/coordinado por Roque Juan Carrasco Aquino, José Alfredo Castellanos Suárez y Ramón Rivera Espionosa. aMéxico :bIPN,c2006. a1 disco compacto ;c4 3/4 plgs.04aSociologíaxCongresos.0 aCastellanos Suárez, José Alfredoe, coord.1 aCarrasco Aquíno, Roque Juane, coord.1 aRivera Espinosa, Ramóne, coord.0 aInstituto Politécnico Nacional. México.